000 01328nam a2200349 a 4500
001 ebr10591326
003 CaPaEBR
006 m u
007 cr cn|||||||||
008 121214s1992 gw sb 001 0 lat d
020 _z381541346X
020 _z9783598713460
020 _z9783110962260 (e-book)
040 _aCaPaEBR
_cCaPaEBR
035 _a(OCoLC)823746264
043 _ae------
_aff-----
_aaw-----
050 1 4 _aPA6384
_b.A2 1992eb
100 0 _aEutropius,
_d4th cent.
240 1 0 _aBreviarium ab urbe condita
245 1 0 _aEutropii Breviarium ab urbe condita
_h[electronic resource] /
_crecognovit Carolus Santini.
246 3 0 _aBreviarium ab urbe condita
260 _aLeipzig :
_bB.G. Teubner,
_c1992.
300 _axix, 87 p.
440 0 _aBibliotheca scriptorum Graecorum et Romanorum Teubneriana
504 _aIncludes bibliographical references and index.
533 _aElectronic reproduction.
_bPalo Alto, Calif. :
_cebrary,
_d2011.
_nAvailable via World Wide Web.
_nAccess may be limited to ebrary affiliated libraries.
651 0 _aRome
_xHistory.
655 7 _aElectronic books.
_2local
700 1 _aSantini, Carlo.
710 2 _aebrary, Inc.
856 4 0 _uhttp://site.ebrary.com/lib/rucke/Doc?id=10591326
_zAn electronic book accessible through the World Wide Web; click to view
999 _c210072
_d210072